00781 2200265 4500001002100000005001500021035002000036007000300056008004100059040002200100082001600122084001800138090002000156100003000176245008100206300003800287650002400325700003100349850001200380264003700392336002100429337003000450338002300480990001200503INLIS00000000085978920210511090606 a0010-0521000370ta210511s1956 jkia g 1 ind d aYOPDYOGbinderda04223a959.813 a959.813 AHM t aL 959.813 AHM t0 aAhmad Dt. Batuahepenulis10aTambo Minangkabau dan adatnya /cpenulis, Ahmad Dt. Batuah, A. Dt. Madjoindo a186 halaman :bilustrasi ;c22 cm 4aSejarah Minangkabau0 aMadjoindo, A. Dt.epenulis aYOPDYOG3 aDjakarta :bBalai Pustaka,c1956 2rdacontentateks 2rdamediaatanpa perantara 2rdacarrieravolume a40920-A